Kde nie je zákon, tam platia štandardy

Bankový trh je náročným a dynamickým prostredím, ktoré je v mnohých ohľadoch nutné regulovať. Mnoho procesov však legislatívy explicitne neupravujú. A práve na zjednotenie procesov slúžia bankové štandardy. Kľúčový štandard SEPA funguje od roku 2014 a je to jednotný formát pre platby v eurách v rámc...

Descripción completa

Guardado en:
Detalles Bibliográficos
Formato: Capítulo de libro
Lenguaje:eslovaco
Materias:
Etiquetas: Agregar Etiqueta
Sin Etiquetas, Sea el primero en etiquetar este registro!

MARC

LEADER 00000naa a2200000 4500
001 0239822
005 20180131140237.1
041 0 |a slo 
044 |a CZ 
245 1 0 |a Kde nie je zákon, tam platia štandardy 
520 |a Bankový trh je náročným a dynamickým prostredím, ktoré je v mnohých ohľadoch nutné regulovať. Mnoho procesov však legislatívy explicitne neupravujú. A práve na zjednotenie procesov slúžia bankové štandardy. Kľúčový štandard SEPA funguje od roku 2014 a je to jednotný formát pre platby v eurách v rámci SEPA priestoru. Definícia ďalších bankových štandardov: QR kódy, CGI. 
610 2 0 |a bankovníctvo 
610 2 0 |a banky 
610 2 0 |a štandardy medzinárodné 
610 2 0 |a štandardy 
610 2 0 |a regulácia 
610 2 0 |a styk platobný